Kit de entrenamiento pediátrico para rescate acuático (Registro nro. 12138)
[ vista simple ]
| 000 -LÍDER | |
|---|---|
| fixed length control field | 00629nom a22001817a 4500 |
| 005 - FECHA DE ÚLTIMA TRANSACCION | |
| control field | 20220609144126.0 |
| 008 - ELEMENTOS DE DATOS - INFORMACIÓN GENERAL | |
| fixed length control field | 190719b xxu||||| |||| 00| 0 spa d |
| 041 ## - CÓDIGO DE LENGUAJE | |
| Código de idioma de texto / pista de sonido o título separado | ESP |
| 082 ## - NÚMERO DE ACTIVO | |
| N° Activo | Kit de entrenamiento pediátrico para rescate acuático |
| 245 ## - TÍTULO | |
| Título | Kit de entrenamiento pediátrico para rescate acuático |
| 300 ## - DESCRIPCIÓN FÍSICA | |
| Peso | Emily: 2.27 Kg / Billy: 3.17 Kg / Timmy: 4.5 Kg |
| 300 ## - DESCRIPCIÓN FÍSICA | |
| Medidas | Emily: 66 cm / Billy: 66 cm / Timmy: 86 cm |
| 300 ## - DESCRIPCIÓN FÍSICA | |
| Sexo | Masculino y femenino |
| 500 ## - NOTA GENERAL | |
| Nota general | Se prestan para el mismo día, hasta las 7:50 pm |
| 650 ## - ASIENTO SECUNDARIO DE MATERIA - TÉRMINO DE MATERIA | |
| Término temático | MODELOS ANATÓMICOS |
| 650 ## - ASIENTO SECUNDARIO DE MATERIA - TÉRMINO DE MATERIA | |
| Término temático | RESCATE ACUÁTICO |
| 942 ## - AÑADIDO ENTRADA ELEMENTOS ( Koha ) | |
| Koha tipo de ítem | Modelo Anatómico |
| Withdrawn status | Estado | Estado físico | Not for loan | Total Checkouts | Clasificación | Número de inscripción | Date last seen | Date checked out | Copy number | Price effective from | Tipo de ítem |
|---|---|---|---|---|---|---|---|---|---|---|---|
| 22 | Kit de entrenamiento pediátrico para rescate acuático | ACT-1978 | 02/03/2026 | 02/03/2026 | Emily: recién nacida | 19/07/2019 | Modelo Anatómico | ||||
| 36 | Kit de entrenamiento pediátrico para rescate acuático | ACT-1979 | 09/03/2026 | 09/03/2026 | Billy: 6 a 9 meses | 19/07/2019 | Modelo Anatómico | ||||
| 41 | Kit de entrenamiento pediátrico para rescate acuático | ACT-1980 | 24/04/2026 | 24/04/2026 | Timmy: 3 años | 19/07/2019 | Modelo Anatómico |